书目信息 |
| 题名: |
用项目管理提升党政干部的执政能力
|
|
| 作者: | 马旭晨 , 马旭瞳 著 | |
| 分册: | ||
| 出版信息: | 北京 机械工业出版社 2012 |
|
| 页数: | 21,287页 | |
| 开本: | 25cm | |
| 丛书名: | ||
| 单 册: | ||
| 中图分类: | D25 | |
| 科图分类: | ||
| 主题词: | 执政 | |
| 电子资源: | ||
| ISBN: | 978-7-111-38441-0 | |
| 000 | 01013nam0 22002651 450 | |
| 001 | 524 | |
| 005 | 20140905095918.98 | |
| 010 | @a978-7-111-38441-0@dCNY45.00 | |
| 100 | @a20120706d2012 em y0chiy50 ea | |
| 101 | 0 | @achi |
| 102 | @aCN@b110000 | |
| 105 | @aa z 000yy | |
| 106 | @ar | |
| 200 | 1 | @a用项目管理提升党政干部的执政能力@AYong Xiang Mu Guan Li Ti Sheng Dang Zheng Gan Bu De Zhi Zheng Neng Li@f马旭晨,马旭瞳著@FMa Xu Chen, Ma Xu Tong Zhu |
| 210 | @a北京@c机械工业出版社@d2012 | |
| 215 | @a21,287页@c照片@d25cm | |
| 330 | @a本书阐释了项目管理的原理、技术、方法和工具,以协助党政干部建立科学的项目管理理念,理解项目管理的内涵,从而能够有效地运用项目管理技术、方法和工具,以提升国家各级领导干部和公务员的项目管理能力。 | |
| 601 | 02 | @a中国共产党@x执政@x干部教育@j学习参考资料 |
| 601 | 02 | @a中国共产党 |
| 606 | 0 | @a执政 |
| 690 | @aD25@v5 | |
| 701 | 0 | @a马旭晨@AMa Xu Chen@f(1945~)@4著 |
| 701 | 0 | @a马旭瞳@AMa Xu Tong@4著 |
| 801 | 0 | @aCN@bTANGWEI@c20140603 |
| 905 | @b0837300-02@dD25@e203@f3 | |
| 用项目管理提升党政干部的执政能力/马旭晨,马旭瞳著.-北京:机械工业出版社,2012 |
| 21,287页:照片;25cm |
| ISBN 978-7-111-38441-0:CNY45.00 |
| 本书阐释了项目管理的原理、技术、方法和工具,以协助党政干部建立科学的项目管理理念,理解项目管理的内涵,从而能够有效地运用项目管理技术、方法和工具,以提升国家各级领导干部和公务员的项目管理能力。 |
| ● |
| 相关链接 |
|
|
|
|
正题名:用项目管理提升党政干部的执政能力
索取号:D25/203
 
预约/预借
| 序号 | 登录号 | 条形码 | 馆藏地/架位号 | 状态 | 备注 |
| 1 | 0837300 | 208373008 | 第一样本阅览室/ [索取号:D25/203] | 在馆 | |
| 2 | 0837301 | 208373017 | 第一借阅区/ [索取号:D25/203] | 在馆 | |
| 3 | 0837302 | 208373026 | 密集书库-史法系/ [索取号:D25/203] | 在馆 |